00870pam a2200277 ia4500001001400000003000400014005001700018008004100035015001400076020002300090020003800113040002900151082001700180100003500197245005300232264005700285300004700342336002100389337002500410338002300435490002900458650003000487650002800517650001800545830002900563vtls000884716PNM20210117184342.0190903s2020 my a j 000 1 may  aM20-02642 a9789670975788qset a9789670975863qpaperbackcRM23.62 aBNMbengcBNMerdadPPAK04a899.23332230 aRuzaini Ahmad,d1986-eauthor.10aTELADAN BUAT AIMAN DAN VICKNESH /cRuzaini Ahmad 1aKuching, Sarawak :bANUGERAH PUBLICATIONS, c[2020?] a46 pages :bcolour illustrations ;c22 cm. atext2rdacontent aunmediated2rdamedia avolume2rdacarrier1 aTELADAN GENERASI BESTARI10aChildren's stories, Malay24aDidactic fiction, Malay20aMalay fiction 0aTeladan generasi bestari